00302nam a22000857a 4500100002900000245012700029260002600156300000700182650002700189 aGunasekara,Thilina Nuwan aFurther study of the Graduateship programme in chemistry of the college of chemical siences institiute of chemistry ceylon aColombobIchemcc2011 a88 aGraduateship programme